Administratívny komplex

Uložené v:
Podrobná bibliografia
Hlavný autor: Czére, Barbara (Autor)
Ďalší autori: Bielek, Boris (Vedúci práce)
Médium: Rukopis Kniha
Jazyk:Slovak
Vydavateľské údaje: 2023
Predmet:
On-line prístup:http://is.stuba.sk/zp/portal_zp.pl?podrobnosti=168759
https://opac.crzp.sk/?fn=detailBiblioForm&sid=C0DEB8E07572332BAC230815805F
Tagy: Pridať tag
Žiadne tagy, Buďte prvý, kto otaguje tento záznam!

MARC

LEADER 00000ntm a22000003a 4500
001 stuzp93558
003 SK-STU
005 20230918143951.8
007 ta
008 150427s2015----xo-----f-mn---000-0-slo-d
040 |a STU  |b slo 
041 0 |a slo 
100 1 |a Czére, Barbara  |u 010180  |4 aut  |U SvF Stavebná fakulta  |T SvF Katedra konštrukcií pozemných stavieb  |X 87333  |U V180  |Y 18  |7 87333 
242 0 1 |a Administrative complex  |y eng 
245 1 0 |a Administratívny komplex 
260 |c 2023 
650 4 |a tepelno-technické posúdenie  |2 slo 
650 4 |a administratívny komplex  |2 slo 
650 4 |a typologické riešenie  |2 slo 
650 4 |a administrative complex  |2 eng 
650 4 |a typological solution  |2 eng 
650 4 |a thermal-technical assessment  |2 eng 
700 1 |a Bielek, Boris  |u 010180  |k Z1  |4 ths  |U SvF Stavebná fakulta  |T SvF Katedra konštrukcií pozemných stavieb  |X 4303  |U V180  |Y 18  |7 A000004303 
856 4 |u http://is.stuba.sk/zp/portal_zp.pl?podrobnosti=168759 
856 4 |u https://opac.crzp.sk/?fn=detailBiblioForm&sid=C0DEB8E07572332BAC230815805F